<?xml version="1.0" encoding="UTF-8"?>
<record
    xmlns:xsi="http://www.w3.org/2001/XMLSchema-instance"
    xsi:schemaLocation="http://www.loc.gov/MARC21/slim http://www.loc.gov/standards/marcxml/schema/MARC21slim.xsd"
    xmlns="http://www.loc.gov/MARC21/slim">

  <leader>01480nam0a2200373   4500</leader>
  <controlfield tag="001">RU\NLR\bibl\50948</controlfield>
  <controlfield tag="005">20250616083946.0</controlfield>
  <datafield tag="010" ind1=" " ind2=" ">
    <subfield code="a">5-237-02357-6</subfield>
    <subfield code="9">10000</subfield>
  </datafield>
  <datafield tag="021" ind1=" " ind2=" ">
    <subfield code="a">RU</subfield>
    <subfield code="b">99-31720</subfield>
    <subfield code="9">1555</subfield>
  </datafield>
  <datafield tag="035" ind1=" " ind2=" ">
    <subfield code="a">(NLR Aleph) 000049677</subfield>
  </datafield>
  <datafield tag="090" ind1=" " ind2=" ">
    <subfield code="a">265358</subfield>
    <subfield code="c">265358</subfield>
  </datafield>
  <datafield tag="100" ind1=" " ind2=" ">
    <subfield code="a">19991005d1999    |||y0rusy50      ca</subfield>
  </datafield>
  <datafield tag="101" ind1="1" ind2=" ">
    <subfield code="a">rus</subfield>
    <subfield code="c">eng</subfield>
  </datafield>
  <datafield tag="102" ind1=" " ind2=" ">
    <subfield code="a">RU</subfield>
  </datafield>
  <datafield tag="105" ind1=" " ind2=" ">
    <subfield code="a">y   |||||||||</subfield>
  </datafield>
  <datafield tag="200" ind1="1" ind2=" ">
    <subfield code="a">&#x418;&#x43D;&#x442;&#x438;&#x43C;&#x43D;&#x430;&#x44F; &#x436;&#x438;&#x437;&#x43D;&#x44C; &#x440;&#x438;&#x43C;&#x441;&#x43A;&#x438;&#x445; &#x43F;&#x430;&#x43F;</subfield>
    <subfield code="e">&#x41E;&#x442;&#x43A;&#x440;&#x43E;&#x432;. &#x438; &#x43D;&#x435;&#x43F;&#x43E;&#x447;&#x442;. &#x440;&#x430;&#x437;&#x43E;&#x431;&#x43B;&#x430;&#x447;&#x435;&#x43D;&#x438;&#x435; &#x440;&#x438;&#x43C;. &#x435;&#x43F;&#x438;&#x441;&#x43A;&#x43E;&#x43F;&#x43E;&#x432; &#x43E;&#x442; &#x441;&#x432;&#x44F;&#x442;&#x43E;&#x433;&#x43E; &#x41F;&#x435;&#x442;&#x440;&#x430; &#x434;&#x43E; &#x43D;&#x430;&#x448;&#x438;&#x445; &#x434;&#x43D;&#x435;&#x439;</subfield>
    <subfield code="f">&#x41D;&#x430;&#x439;&#x434;&#x436;&#x435;&#x43B; &#x41A;&#x43E;&#x442;&#x43E;&#x440;&#x43D;</subfield>
    <subfield code="g">[&#x41F;&#x435;&#x440;. &#x441; &#x430;&#x43D;&#x433;&#x43B;. &#x412;.&#x410;. &#x413;&#x43E;&#x43B;&#x44C;&#x434;&#x438;&#x447;&#x430;, &#x418;.&#x410;. &#x41E;&#x433;&#x430;&#x43D;&#x435;&#x441;&#x43E;&#x432;&#x43E;&#x439;]</subfield>
  </datafield>
  <datafield tag="210" ind1=" " ind2=" ">
    <subfield code="a">&#x41C;.</subfield>
    <subfield code="c">&#x410;&#x421;&#x422;</subfield>
    <subfield code="d">1999</subfield>
  </datafield>
  <datafield tag="215" ind1=" " ind2=" ">
    <subfield code="a">366 &#x441;.</subfield>
    <subfield code="d">21</subfield>
  </datafield>
  <datafield tag="225" ind1="1" ind2=" ">
    <subfield code="a">&#x421;&#x43B;&#x443;&#x445;&#x438;, &#x441;&#x43F;&#x43B;&#x435;&#x442;&#x43D;&#x438;, &#x441;&#x43A;&#x430;&#x43D;&#x434;&#x430;&#x43B;&#x44B;</subfield>
  </datafield>
  <datafield tag="300" ind1=" " ind2=" ">
    <subfield code="a">&#x417;&#x430;&#x433;&#x43B;. &#x438; &#x430;&#x432;&#x442;. &#x43E;&#x440;&#x438;&#x433;.: Sex lives of the pops/ Nigel Cawthorne</subfield>
  </datafield>
  <datafield tag="300" ind1=" " ind2=" ">
    <subfield code="a">&#x41D;&#x430; &#x43E;&#x431;&#x43B;. &#x430;&#x432;&#x442;. &#x43D;&#x435; &#x443;&#x43A;&#x430;&#x437;&#x430;&#x43D;</subfield>
  </datafield>
  <datafield tag="320" ind1=" " ind2=" ">
    <subfield code="a">&#x411;&#x438;&#x431;&#x43B;&#x438;&#x43E;&#x433;&#x440;. &#x432; &#x43F;&#x43E;&#x434;&#x441;&#x442;&#x440;&#x43E;&#x447;. &#x43F;&#x440;&#x438;&#x43C;&#x435;&#x447;.</subfield>
  </datafield>
  <datafield tag="454" ind1=" " ind2="0">
    <subfield code="1">2001#$aSex livesof the pops$fNigel Cawthorne</subfield>
    <subfield code="t">Sex livesof the pops</subfield>
  </datafield>
  <datafield tag="606" ind1="0" ind2=" ">
    <subfield code="a">&#x41F;&#x430;&#x43F;&#x44B;</subfield>
    <subfield code="j">&#x411;&#x438;&#x43E;&#x433;&#x440;&#x430;&#x444;&#x438;&#x438;</subfield>
    <subfield code="9">2115964</subfield>
    <subfield code="3">RU\NLR\auth\661278304</subfield>
  </datafield>
  <datafield tag="686" ind1=" " ind2=" ">
    <subfield code="a">&#x42D;375-601.1</subfield>
  </datafield>
  <datafield tag="700" ind1=" " ind2="1">
    <subfield code="a">&#x41A;&#x43E;&#x442;&#x43E;&#x440;&#x43D;</subfield>
    <subfield code="b">&#x41D;.</subfield>
    <subfield code="g">&#x41D;&#x430;&#x439;&#x434;&#x436;&#x435;&#x43B;</subfield>
    <subfield code="4">070</subfield>
  </datafield>
  <datafield tag="801" ind1=" " ind2="0">
    <subfield code="a">RU</subfield>
    <subfield code="b">NLR</subfield>
    <subfield code="c">19991005</subfield>
    <subfield code="g">PSBO</subfield>
  </datafield>
  <datafield tag="801" ind1=" " ind2="1">
    <subfield code="a">RU</subfield>
    <subfield code="b">NLR</subfield>
    <subfield code="c">19991005</subfield>
  </datafield>
  <datafield tag="852" ind1=" " ind2=" ">
    <subfield code="a">NLR</subfield>
    <subfield code="j">99-3/11814</subfield>
  </datafield>
  <datafield tag="942" ind1=" " ind2=" ">
    <subfield code="c">BOOK</subfield>
  </datafield>
  <datafield tag="980" ind1=" " ind2=" ">
    <subfield code="a">NB</subfield>
  </datafield>
  <datafield tag="980" ind1=" " ind2=" ">
    <subfield code="a">SUPPRESS</subfield>
  </datafield>
  <datafield tag="995" ind1=" " ind2=" ">
    <subfield code="5">2013-10-26</subfield>
    <subfield code="b">NLR01</subfield>
    <subfield code="c">NLR01</subfield>
    <subfield code="e">RF8</subfield>
    <subfield code="f">49677-10</subfield>
    <subfield code="k">99-3/11814</subfield>
    <subfield code="o">0</subfield>
    <subfield code="r">BOOK</subfield>
    <subfield code="s">99311814_</subfield>
  </datafield>
</record>
